000 00274nam a2200121Ia 4500
008 211105s9999 xx 000 0 und d
020 _aVYASA00901
100 _aMajumdar R. C
245 0 _aAncient India
250 _a\N
260 _bMotilal banarsidass
_c\N
300 _a538p.
999 _c8092
_d8092